| 000 | 02204nam a2200481Ii 4500 | ||
|---|---|---|---|
| 001 | DIGSIGHOM043 | ||
| 003 | NyNyDIG | ||
| 008 | 160621s2016 ck o 000 e spa d | ||
| 006 | m o d | ||
| 007 | cr ||||||||||| | ||
| 035 | _a(OCoLC)950973019 | ||
| 040 |
_aDGITA _beng _erda _epn _cDGITA |
||
| 020 |
_a9789586653800 _q(eBook ; _qpdf) |
||
| 020 |
_a9586653803 _q(eBook ; _qpdf) |
||
| 020 |
_a9789586653794 _q(eBook ; _qePub) |
||
| 020 |
_a958665379X _q(eBook ; _qePub) |
||
| 020 | _z9789586653787 | ||
| 020 | _z9586653781 | ||
| 050 | 1 | 4 | _aPQ8179.S37 eBook |
| 100 | 1 |
_aSanín Cano, Baldomero, _d1861-1957, _eauthor. |
|
| 240 | 1 | 0 |
_aEssays. _kSelections |
| 245 | 1 | 0 |
_aAños de vértigo : _bBaldomero Sanín Cano y la revista Hispania (1912-1916) / _cRafael Rubiano Muñoz, Juan Guillermo Gómez García ; selección y transcripción de textos de Rafael Rubiano Muñoz. |
| 246 | 3 | 0 | _aBaldomero Sanín Cano y la revista Hispania (1912-1916) |
| 264 | 1 |
_a[Bogotá, Colombia] : _bSiglo del Hombre Editores : _bUniversidad de Antioquia : _bGELCIL : _bKULTUR, _c2016. |
|
| 300 | _a1 online resource. | ||
| 336 |
_atext _btxt _2rdacontent |
||
| 337 |
_acomputer _bc _2rdamedia |
||
| 338 |
_aonline resource _bcr _2rdacarrier |
||
| 490 | 1 | _aBiblioteca José Martí. Serie Estudios Culturales | |
| 588 | 0 | _aOnline resource; title from PDF title page (Digitalia, viewed June 21, 2016) | |
| 600 | 1 | 0 |
_aSanín Cano, Baldomero, _d1861-1957 _xCriticism and interpretation. |
| 650 | 0 | _aColombian essays. | |
| 655 | 0 | _aElectronic books. | |
| 700 | 1 |
_aRubiano Muñoz, Rafael, _eauthor, _eeditor. |
|
| 700 | 1 |
_aGómez García, Juan Guillermo, _eauthor. |
|
| 791 | 2 |
_aDigitalia (Firm), _edistributor. |
|
| 793 | 0 |
_gDigitalia eBook Collection: _aSiglo del Hombre Editores |
|
| 776 | 0 | 8 |
_iPrint version: _aSanín Cano, Baldomero, 1861-1957. _sEssays. Selections. _tAños de vértigo. _d[Bogotá, Colombia] : Siglo del Hombre Editores : Universidad de Antioquia : GELCIL : KULTUR, 2016. _z9789586653787 |
| 830 | 0 |
_aBiblioteca José Martí. _pSerie Estudios culturales. |
|
| 856 | 4 | 0 |
_3Digitalia Hispánica _uhttps://www.digitaliapublishing.com/a/40796/ |
| 910 | _aPremium Collection: 2016 | ||
| 942 | _cRAA | ||
| 999 |
_c245935 _d245935 |
||